Подвижные игры. Ч. 1 (Запись № 13590553)

Подробности
000 -МАРКЕР
контрольное поле 01301nam2a2200265 4500
001 - ИДЕНТИФИКАТОР ЗАПИСИ
контрольное поле rc\2898813
005 - ИДЕНТИФИКАТОР ВЕРСИИ
контрольное поле 20260315053558.0
035 ## - ДРУГИЕ СИСТЕМНЫЕ НОМЕРА
Идентификатор записи (NLR Aleph) 007050282
100 ## - ДАННЫЕ ОБЩЕЙ ОБРАБОТКИ
Данные общей обработки 20110729d1927 u y0rusy50 ca
101 0# - ЯЗЫК РЕСУРСА
Язык текста, звукозаписи и т.д. русский
102 ## - СТРАНА ПУБЛИКАЦИИ ИЛИ ПРОИЗВОДСТВА
Страна публикации российская федерация
105 ## - ПОЛЕ КОДИРОВАННЫХ ДАННЫХ: ТЕКСТОВЫЕ МАТЕРИАЛЫ, МОНОГРАФИЧЕСКИЕ
Кодированные данные о монографическом текстовом документе a z |||||
200 0# - ЗАГЛАВИЕ И СВЕДЕНИЯ ОБ ОТВЕТСТВЕННОСТИ
Основное заглавие Ч. 1
Первые сведения об ответственности Н. Филитис
210 ## - ПУБЛИКАЦИЯ, РАСПРОСТРАНЕНИЕ И ДР.
Дата издания, распространения и т.д. 1927
215 ## - ФИЗИЧЕСКАЯ ХАРАКТЕРИСТИКА
Специфическое обозначение материала и объем 59 с.
Другие сведения о физической характеристике черт.
Размеры 21×14 см
300 ## - ОБЩИЕ ПРИМЕЧАНИЯ
Текст примечания На обл. загл.: "Игры. Часть 1"
461 #0 - УРОВЕНЬ НАБОРА
Встроенное поле 001rc\2898812
-- 2000#$aПодвижные игры$e(Для возраста 8-12 лет)$eС табл. их характеристики по влиянию на растущий организм. Ч. 1-2$fН. Филитис$vЧ. 1
-- 700#1$aФилитис$bН.С.$gНиколай Степанович
Системный номер (АБИС) связанной записи 6183846
Автор Филитис, Н.С.
Место публикации Москва
Дата публикации 1927
Издание 2-е изд., испр. и доп.
Первые сведения об ответственности Н. Филитис
Имя издателя, распространителя и т.д. ЦКЖД "Гудок"
Сведения, относящиеся к заглавию (Для возраста 8-12 лет) : С табл. их характеристики по влиянию на растущий организм. Ч. 1-2
Заглавие Подвижные игры
Номер тома Ч. 1
512 00 - ЗАГЛАВИЕ ОБЛОЖКИ
Заглавие обложки Игры
Сведения, относящиеся к заглавию Часть 1
700 #1 - ИМЯ ЛИЦА - ПЕРВИЧНАЯ ОТВЕТСТВЕННОСТЬ
Начальный элемент ввода Филитис
Часть имени, кроме начального элемента ввода Н.
801 #0 - ИСТОЧНИК ЗАПИСИ
Страна российская федерация
Организация NLR
Правила каталогизации psbo
801 #1 - ИСТОЧНИК ЗАПИСИ
Страна российская федерация
Организация ELAR
Источник данных rusmarc
852 ## - МЕСТОНАХОЖДЕНИЕ И ШИФР ХРАНЕНИЯ
Идентификатор организации NLR
Шифр хранения (Call Number) 40/3996
942 ## - ДОПОЛНИТЕЛЬНЫЕ ЭЛЕМЕНТЫ ЗАПИСИ (АБИС)
Тип экземпляра АБИС Неопределено
980 ## - КОЛЛЕКЦИЯ
Название коллекции Национальная библиография

Нет доступных экземпляров.